Landlord optimism highest since 2007 (Record no. 82358)
[ view plain ]
| 000 -LEADER | |
|---|---|
| fixed length control field | 00931cab a22002055a 4500 |
| 001 - CONTROL NUMBER | |
| control field | L150020 |
| 008 - FIXED-LENGTH DATA ELEMENTS--GENERAL INFORMATION | |
| fixed length control field | 100524e2010 xxk 000 0 eng d |
| 035 ## - SYSTEM CONTROL NUMBER | |
| System control number | (Sirsi) u150020 |
| 041 0# - LANGUAGE CODE | |
| Language code of text/sound track or separate title | eng |
| 110 2# - MAIN ENTRY--CORPORATE NAME | |
| Corporate name or jurisdiction name as entry element | National Landlords Association |
| 9 (RLIN) | 5246 |
| 245 00 - TITLE STATEMENT | |
| Title | Landlord optimism highest since 2007 |
| Medium | [electronic resource] |
| 260 ## - PUBLICATION, DISTRIBUTION, ETC. | |
| Date of publication, distribution, etc. | 2010 |
| 490 ## - SERIES STATEMENT | |
| Series statement | National Landlords Association News Release |
| Volume/sequential designation | 19 May 2010 |
| 520 ## - SUMMARY, ETC. | |
| Summary, etc. | Landlords are at their most optimistic since 2007 according to the National Landlords Association (NLA)'s "Landlords Optimism Index" for First quarter 2010. Index figures available from Fourth Quarter 2006 to First Quarter 2010. |
| 590 ## - LOCAL NOTE (RLIN) | |
| Local note | KA NTK |
| 651 #4 - SUBJECT ADDED ENTRY--GEOGRAPHIC NAME | |
| Geographic name | United Kingdom |
| Chronological subdivision | |
| 690 ## - LOCAL SUBJECT ADDED ENTRY--TOPICAL TERM (OCLC, RLIN) | |
| Topical term or geographic name as entry element | Landlord and tenant |
| 9 (RLIN) | 6252 |
| 856 40 - ELECTRONIC LOCATION AND ACCESS | |
| Uniform Resource Identifier | <a href="https://www.landlords.org.uk/news/pressreleases/2010/pressrelease-20100519nlaoptimismindex.html">https://www.landlords.org.uk/news/pressreleases/2010/pressrelease-20100519nlaoptimismindex.html</a> |
| Public note | View this item free of charge at www.landlords.org.uk |
| 942 ## - ADDED ENTRY ELEMENTS (KOHA) | |
| Suppress in OPAC | 0 |
| Withdrawn status | Lost status | Source of classification or shelving scheme | Damaged status | Not for loan | Home library | Current library | Shelving location | Date acquired | Total Checkouts | Full call number | Barcode | Date last seen | Copy number | Price effective from | Koha item type |
|---|---|---|---|---|---|---|---|---|---|---|---|---|---|---|---|
| Dewey Decimal Classification | Virtual | Virtual | Online | 24/05/2010 | ONLINE PUBLICATION | 150020-2001 | 06/08/2019 | 1 | 06/08/2019 | Journal article |